Govt. of
Madhya Pradesh

Granthana (Record no. 14690)

MARC details
000 -LEADER
fixed length control field 004230000a22001570004500
001 - CONTROL NUMBER
control field 002781
003 - CONTROL NUMBER IDENTIFIER
control field MACL
040 ## - CATALOGING SOURCE
Original cataloging agency MACL
090 ## - LOCALLY ASSIGNED LC-TYPE CALL NUMBER (OCLC); LOCAL CALL NUMBER (RLIN)
-- 14774
-- 14773
100 ## - MAIN ENTRY--PERSONAL NAME
Personal name Bhattacharjee, Nirman Kanti
245 ## - TITLE STATEMENT
Title Granthana
Remainder of title Indian Journal of Library Studies
Statement of responsibility, etc. Nirman Kanti Bhattacharjee
260 ## - PUBLICATION, DISTRIBUTION, ETC. (IMPRINT)
Place of publication, distribution, etc. Indian Journal of Library Sciences,
Date of publication, distribution, etc. 2005
350 ## - PRICE (NR) (BK AM CF MU VM SE) [OBSOLETE]
Price 300
650 ## - SUBJECT ADDED ENTRY--TOPICAL TERM
Topical term or geographic name as entry element Library & Information Science
942 ## - ADDED ENTRY ELEMENTS (KOHA)
Call number prefix 20
Koha item type Library Membar
Holdings
Withdrawn status Lost status Source of classification or shelving scheme Damaged status Not for loan Home library Current library Date acquired Total Checkouts Full call number Barcode Date last seen Uniform Resource Identifier Price effective from Koha item type
          MACL MACL 01/07/2015   020/BHA CRE019034 02/05/2024 14576 15/04/2015 Books